Quizzes
Events
Quiz Creation
Community
Videos
Private Events
Remove Ads
Sign In
Join for FREE
Feedback
Dark Mode
Quiz Categories
Sports
Geography
Music
Movies
Television
Just For Fun
Miscellaneous
History
Literature
Language
Science
Gaming
Entertainment
Religion
Holiday
For Kids
Quiz Lab
Recent
Popular Today
Quiz Kudos Today
Editor Picks
Curator Picks
Quizzes by...
Day
Popularity
Type
Ratings
Length
Year
Community
Subscriptions
Recent Discussions
Orange Saloon
Badges
Playlists
Quests
Create
Leaderboards
Showdown
Live 5
Trivia Bingo
Activity
Puzzle Library
Sporcle Events
Private Events
Virtual Trivia
Globe League
Become a Host
Pub Owners
SporcleCon
Opinionation
Our Games
Videos
Blog
Mobile Apps
Partnerships
Remove Ads and Go Orange
Feedback
Sports
Athletes
MLB
NBA
NHL
NFL
Soccer
Sports Teams
WWE
NCAA
Football
Premier League
Basketball
Baseball
Hockey
Golf
Tennis
Cricket
Rugby
Auto Racing
Olympics
World Cup
Sports
Athletes
MLB
NBA
NHL
NFL
Soccer
Sports Teams
WWE
NCAA
Football
Premier League
Basketball
Baseball
Hockey
Golf
Tennis
Cricket
Rugby
Auto Racing
Olympics
World Cup
Random Quiz
Search Sporcle
×
Quiz Lab
Quiz Lab
Sports
Player
Type in answers that appear in a list
Type in answers that appear in a list
Classic
Best Score? Go Orange.
30 Home Runs for the Blue Jays Stats
Can you name the players who have hit 30+ home runs in a season for the Blue Jays?
By
luke78
10m
38 Questions
667 Plays
667 Plays
667 Plays
Comments
Comments
Give Quiz Kudos
Give Quiz Kudos
-
- Ratings
hide this ad
More Info
Replay
Link that replays current quiz
Next Quiz
Link to next quiz in quiz playlist
You Got
0%
They Got
Avg Score
78%
Avg Friend Score
Upgrade to see
Score Distribution
Jump to the score distribution portion of the page
Score
0/38
Timer
10:00
0
Plays Today
# of Home Runs
Player
% Correct
54
Jose Bautista
99.1%
43
Jose Bautista
99.1%
34
Joe Carter
93.9%
33
Joe Carter
93.9%
33
Joe Carter
93.9%
30
Joe Carter
93.9%
42
Edwin Encarnacion
93.7%
36
Edwin Encarnacion
93.7%
44
Carlos Delgado
93%
42
Carlos Delgado
93%
41
Carlos Delgado
93%
39
Carlos Delgado
93%
38
Carlos Delgado
93%
33
Carlos Delgado
93%
32
Carlos Delgado
93%
30
Carlos Delgado
93%
47
George Bell
87.3%
31
George Bell
87.3%
33
Vernon Wells
80.2%
# of Home Runs
Player
% Correct
32
Vernon Wells
80.2%
31
Vernon Wells
80.2%
46
Jose Canseco
76.9%
36
Aaron Hill
75.9%
42
Shawn Green
75.4%
35
Shawn Green
75.4%
35
Adam Lind
75.3%
40
Jesse Barfield
73.8%
36
Fred McGriff
69.9%
35
Fred McGriff
69.9%
34
Fred McGriff
69.9%
41
Tony Batista
65.2%
31
Kelly Gruber
64%
38
Troy Glaus
62.2%
34
Jose Cruz
51.3%
31
Jose Cruz
51.3%
36
Ed Sprague
48.7%
30
John Mayberry
37.8%
32
Brad Fullmer
36.7%
Quiz Playlist
Details
Report
Send in Message
Add To Playlist
More Info:
*Players may appear more than once.
Classic:
Type in answers that appear in a list
Quiz Source
Last Updated: Feb 16, 2017
Quiz Scoreboard
CHALLENGE
Sign Up to Join the Scoreboard
Show All
Scores
Hide
Comments
May contain spoilers
Recently Published
Movies - When Are They Set?
by FPL_Elf
Movies
5m
Popular People in 1961
by mucciniale
History
6m
1-10 Letter E Words III
by El_Dandy
Language
2m
More to Explore
Quiz From the Vault
Featured Blog Post
Where Did the Easter Bunny Come From?
hide this ad
You Might Also Like...
Tags
blue
hit
home
Jay
Player
run
season
Today's Top Quizzes in Sports
Browse Sports
hide this ad
Today's Top Quizzes in Player
Browse Player
Top Contributed Quizzes in Sports
1
Les meilleurs buteurs des matchs entre le PSG et l’OM
2
FIFA Club World Cup Champions
3
Les entraîneurs de l'OM et du PSG au 21e siècle
4
2022 World Cup Stars
5
Name the Premier League winners with different clubs
6
La finale Lions - Afrique du Sud 2021
7
Criteria MLB: Left Handed Sluggers
8
Les joueurs passés par le LOSC et le RC Lens
9
Players with Multiple 50 Home Run Seasons
10
MLB Players with Two .350 Batting Average Seasons
Explore More
Trending Topics
Anime
Disney
Crossword
NBA
Harry Potter
Marvel
Kpop
Country
Song
The Office
Pokémon
NFL
Soccer
WWE
Puzzle
hide this ad
More By:
luke78
Quiz
Plays
Rating
Category
Featured
Created
30+ Home Runs for the Yankees
4,732
4.68
Sports
Jun 7, 2013
2 Or More Seasons With 100+ Receptions
3,654
4.57
Sports
Feb 2, 2013
30+ Home Runs for the Cubs
2,391
4.70
Sports
Jun 8, 2013
30+ Home Runs for the White Sox
2,292
4.63
Sports
Jul 9, 2013
30+ Home Runs for the Red Sox
1,583
4.53
Sports
Jun 7, 2013
Go to Creator's Profile
Score Distribution
Quiz Creator Spotlight
luke78
Follow
Send a Message
Quizzes Created
-
Created Quiz Play Count
-
More By This Creator
Popular Quizzes Today
1
Find the Countries of Europe - No Outlines Minefield
2
Find the US States - No Outlines Minefield
3
The Countries of the World
4
Popular People in 1961
5
1-10 Letter E Words III
6
US States
7
Find the US States
8
One Thing in Common: World Cities II
More Sports Quizzes
Lampard's Champions League Defeated XI's
Quiz Lab
Trending Quizzes
Risky Map Clicking: Least Populous States A-Z
1-10 Letter F Words
Humor Books: The Subtitles
1-10 Letter G Words
One Thing in Common: United Kingdom
Recently Updated
Leaping Animals
pecheneg
Reality TV Shows (A-Z)
bhenderson79
Rickey Henderson's Hall of Fame Teammates
pecheneg
Champions League XIs: Arsenal
pecheneg
Quick Pick: Celebrities in WWE's Hall of Fame
aduchscher
A-Z Keypad Blitz II
pecheneg
Multiple Oscar Actors
pecheneg
Mystery Phrase Blitz: Oscar 'Best Actors'
pecheneg
F. Scott Fitzgerald Novels
LTH
Pick 3 Villains
ddd62291
Trending Topics
NBA
Marvel
Harry Potter
Kpop
Anime
Disney
Crossword
Puzzle
WWE
Country
Song
The Office
Soccer
NFL
Pokémon
Your Account Isn't Verified!
In order to create a playlist on Sporcle, you need to verify the email address you used during registration. Go to your
Sporcle Settings
to finish the process.
Report this User
Report this user for behavior that violates our
Community Guidelines
.
Details:
Send Report
Go to the Sporcle.com Mobile Site →
Comments